Indian culture and education / (Record no. 38257)

MARC details
000 -LEADER
fixed length control field 00873nam a22002297a 4500
005 - DATE AND TIME OF LATEST TRANSACTION
control field 2010072205365.0
010 ## - LCCN (DPL NO)
LC control number ENG-97358
020 ## - INTERNATIONAL STANDARD BOOK NUMBER
Terms of availability 880.00
International Standard Book Number 9788184501506 (v.3)
035 ## - SYSTEM CONTROL NUMBER
System control number EN-80891
037 ## - SOURCE OF ACQUISITION
Source of stock number/acquisition DBAD/PUB
082 ## - DEWEY DECIMAL CLASSIFICATION NUMBER
Classification number 370.954
100 ## - MAIN ENTRY--PERSONAL NAME
Personal name Mohanty, Jagannath
245 ## - TITLE STATEMENT
Title Indian culture and education /
Statement of responsibility, etc by Jagannath Mohanty
260 ## - PUBLICATION, DISTRIBUTION, ETC. (IMPRINT)
Place of publication, distribution, etc New Delhi
Name of publisher, distributor, etc Deep & Deep Publications
Date of publication, distribution, etc 2009
270 ## - ADDRESS
Address F-159, Rajouri Garden,
City New Delhi
Postal code 110002
300 ## - PHYSICAL DESCRIPTION
Extent v.3 (xii, 211p.)
Dimensions 23cm (Hb)
490 ## - SERIES STATEMENT
Series statement Encyclopaedia of education, culture and children's literature-3
-- 3465
500 ## - GENERAL NOTE
General note Includes bibliographical references and index
700 ## - ADDED ENTRY--PERSONAL NAME
9 (RLIN) 2609
942 ## - ADDED ENTRY ELEMENTS (KOHA)
Source of classification or shelving scheme Dewey Decimal Classification
Item type English Books
Call number suffix MOH
Classification part 370.954
Holdings
Withdrawn status Lost status Not for loan Collection code Home library Current library Date acquired Source of acquisition Cost, normal purchase price Full call number Barcode Copy number Cost, replacement price Koha item type
    Not For Loan Non-fiction D.B.Act.Division D.B.Act.Division 30/07/2010 DBAD/PUB 880.00 370.954 MOH EN-80891 1 880.00 English Books

© Delhi Public Library
Hit Counter
free hit counter